000 00479nam a2200181Ia 4500
001 16467
005 20260306170311.0
008 260306t2020||||xx |||||||||||||| ||und||
041 _aESP
082 _a348.6
_bJ24
100 _aJara Bautista, José Luis
_eAUT
245 0 _aManual de beneficios laborales en el sector público:
_baplicación práctica
260 _c2020
300 _a606 páginas :
_c25 cm.
650 _aGEN
654 _aCDE
942 _cLIB
_dJUS
_fJUS
_2ddc
_n
999 _c16467
_d16467